| 000 | 01189cam a2200349 a 4500 | ||
|---|---|---|---|
| 999 |
_c18657 _d18657 |
||
| 001 | 12245792 | ||
| 003 | BDDh-ASL | ||
| 005 | 20231015025723.0 | ||
| 008 | 001101s1998 ir b 001 0 eng | ||
| 010 | _a 99904965 | ||
| 035 | _a(DLC) 99904965 | ||
| 040 |
_aDLC _cDLC _dBDDh-ASL |
||
| 041 | 1 |
_aengara _hara |
|
| 042 |
_alcode _apcc |
||
| 050 | 0 | 0 |
_aBP193.26 _b.B85 1998 |
| 082 |
_a297.01 _bBUN |
||
| 245 | 0 | 2 |
_aA bundle of flowers from the garden of traditions of the Prophet & Ahlul-bayt / _ccompiled by Kamal Faghih Imanī ; translated by Sayyid Abbas Sadr-ʻamelī ; edited by Celeste Smith. |
| 250 | _a2nd ed. | ||
| 260 |
_aIsfahan : _bAmir-ul-Muʾmineen Ali Library, _c1998. |
||
| 300 |
_a264 p. ; _c22 cm. |
||
| 504 | _aIncludes bibliographical references (p. 247-251) and indexes. | ||
| 546 | _aIn English and Arabic. | ||
| 650 | 0 |
_aHadith (Shiites) _xTexts. |
|
| 650 | 0 |
_aShīʻah _xDoctrines. |
|
| 650 | 0 |
_aReligious life _xShīʻah. |
|
| 700 | 1 | _aFaghih Imani, Kamal. | |
| 700 | 1 | _aSadr-ʻāmelī, Abbas. | |
| 700 | 1 | _aSmith, Celeste. | |
| 906 |
_a7 _bcbc _corigode _d4 _encip _f19 _gy-gencatlg |
||
| 942 |
_2ddc _cBK |
||